000 00436nam a2200157Ia 4500
008 181130s2018 xx 000 0 und d
100 _aAcharya, Alka
245 _aChinese party-state under Xi Jinping
260 _c2018
300 _ap.25-28.
504 _d5-May
650 _aGovernment and politics
650 _aGovernment and politics - China
773 _aEconomic and Political Weekly
906 _aGovernment and politics
999 _c506407
_d506407